000 00749nam a2200265Ia 4500
003 OSt
005 20220912151346.0
006 a|||||r|||| 00| 0
007 ta
008 220909b |||||||| |||| 00| 0 eng d
024 _a40984
037 _cTextual
040 _aCSL
_beng
_cCSL
041 _aeng
082 _aD65,8(B)2, M3 TC
100 _aMalvino Albert Paul
245 0 _aDigital computer electronics: An introduction to microcomputers
250 _a2
260 _aNew Delhi
_b Tata McGraw-hill
_c1983
300 _aix, 337p.
_ccm.
650 _a Computer science irt maths
650 _aComputer science
942 _hD65,8(B)2, M3 TC
_cTEXL
_2CC
999 _c66945
_d66945